Probiotic dairy products / (Record no. 24187)
[ view plain ]
| 000 -LEADER | |
|---|---|
| fixed length control field | 00773nam a2200289#a 4500 |
| 001 - CONTROL NUMBER | |
| control field | 00638 |
| 003 - CONTROL NUMBER IDENTIFIER | |
| control field | HDC |
| 007 - PHYSICAL DESCRIPTION FIXED FIELD--GENERAL INFORMATION | |
| fixed length control field | ta |
| 008 - FIXED-LENGTH DATA ELEMENTS--GENERAL INFORMATION | |
| fixed length control field | 230623s2005 xx 000 0 eng d |
| 020 ## - INTERNATIONAL STANDARD BOOK NUMBER | |
| International Standard Book Number | 9781405121248 (hbk.). |
| 040 ## - CATALOGING SOURCE | |
| Original cataloging agency | HDC |
| 050 ## - LIBRARY OF CONGRESS CALL NUMBER | |
| Classification number | QW 85 |
| Item number | . P962 2005 |
| 245 #0 - TITLE STATEMENT | |
| Title | Probiotic dairy products / |
| Statement of responsibility, etc. | edited by Adnan Tamime. |
| 264 ## - PRODUCTION, PUBLICATION, DISTRIBUTION, MANUFACTURE, AND COPYRIGHT NOTICE | |
| Place of production, publication, distribution, manufacture | Ames, Iowa : |
| 264 ## - PRODUCTION, PUBLICATION, DISTRIBUTION, MANUFACTURE, AND COPYRIGHT NOTICE | |
| Place of production, publication, distribution, manufacture | Oxford, UK |
| Name of producer, publisher, distributor, manufacturer | Blackwell Pub., |
| Date of production, publication, distribution, manufacture, or copyright notice | c 2005. |
| 300 ## - PHYSICAL DESCRIPTION | |
| Extent | xvi,216p. : |
| Other physical details | ill. ; |
| Dimensions | 26cm. |
| 500 ## - GENERAL NOTE | |
| General note | Includes bibliographical references and index. |
| 650 ## - SUBJECT ADDED ENTRY--TOPICAL TERM | |
| Topical term or geographic name entry element | Dairy Products |
| General subdivision | microbiology. |
| 650 ## - SUBJECT ADDED ENTRY--TOPICAL TERM | |
| Topical term or geographic name entry element | Food Microbiology. |
| 650 ## - SUBJECT ADDED ENTRY--TOPICAL TERM | |
| Topical term or geographic name entry element | Food Technology. |
| 650 ## - SUBJECT ADDED ENTRY--TOPICAL TERM | |
| Topical term or geographic name entry element | Probiotics. |
| 700 ## - ADDED ENTRY--PERSONAL NAME | |
| Personal name | Tamime, A. Y. |
| 942 ## - ADDED ENTRY ELEMENTS (KOHA) | |
| Source of classification or shelving scheme | Library of Congress Classification |
| 942 ## - ADDED ENTRY ELEMENTS (KOHA) | |
| Koha item type | Book |
| 942 ## - ADDED ENTRY ELEMENTS (KOHA) | |
| Call number prefix | QW 85 |
| 942 ## - ADDED ENTRY ELEMENTS (KOHA) | |
| Call number suffix | . P962 2005 |
| Withdrawn status | Lost status | Source of classification or shelving scheme | Damaged status | Not for loan | Collection | Home library | Current library | Shelving location | Date acquired | Total checkouts | Full call number | Barcode | Date last seen | Price effective from | Koha item type |
|---|---|---|---|---|---|---|---|---|---|---|---|---|---|---|---|
| Library of Congress Classification | Non-fiction | Halal Development Corporation Library | Halal Development Corporation Library | Open Shelves | 17/11/2020 | QW 85 . P962 2005 | HDC 0000292 | 24/05/2023 | 24/05/2023 | Book |
